=LDR 00000nam 2200000 4500 =001 INLIS000000000058188 =005 20210831070602 =035 ##$$a 0010-0821000113 =007 ta =008 210831###########################0#ind## =020 ##$$a 979-22-0561-6 =082 ##$$a 443 =084 ##$$a 443 Far k =245 1#$$a Kamus Saku Perancis-Indonesia /$c Farida Soemargono =250 ##$$a Cet.1 =300 ##$$a 303 halaman ; $c 18 Cm. =650 #4$$a kamus Bahasa Perancis =264 ##$$a jakarta :$b Gramedia pustaka utama,$c 2007 =336 ##$$a teks$2 rdacontent =337 ##$$a lain-lain$2 rdamedia =338 ##$$a lain-lain$2 rdacarrier =990 ##$$a 07690769